Statistics for Lana Del Rey - Venice Bitch Lyrics

Click here to take the quiz!

General Stats

  • This quiz has been taken 60 times
  • The average score is 439 of 551

Answer Stats

Answer% Correct
bitch
100%
(I
100%
I
100%
it
100%
It's
100%
Me
100%
me
100%
Venice
100%
you
100%
You
100%
your
100%
little
98%
the
98%
bang
96%
kiss
96%
kiss)
96%
Oh
96%
oh
96%
On
96%
on
96%
be
94%
love
94%
My
94%
my
94%
out
94%
You're
94%
And
92%
and
92%
God
92%
lips
92%
miss
92%
No
92%
of
92%
to
92%
we
92%
for
90%
I'm
90%
in
90%
we're
90%
We're
90%
forever
88%
like
86%
with
86%
American
84%
beautiful
84%
insane
84%
kids
84%
neighborhood
84%
summer
84%
away
82%
baby
82%
Callin'
82%
Fresh
82%
made
82%
make
82%
as
80%
can
80%
fades
80%
Fear
80%
fear
80%
fucks
80%
high
80%
ice
80%
Ice
80%
now
80%
older
80%
stay
80%
stronger
80%
back
78%
Back
78%
dream
78%
fire
78%
fun
78%
over
78%
Over
78%
queen
78%
cream
76%
diamonds
76%
If
76%
leather
76%
work
76%
clover
74%
gold
74%
I'd
74%
just
74%
myself,
74%
myself
74%
Norman
74%
Rockwell
74%
sweet
74%
wha-
74%
Wha-
74%
because
72%
Crimson
72%
crimson
72%
garden
72%
getting
72%
Jealous
72%
jeans
72%
light
72%
Tryin'
72%
honey
70%
mine
70%
Nothing
70%
off,
70%
off
70%
stoop
70%
write
70%
yard
70%
life
68%
lover
68%
weren't
68%
yeah
68%
Yeah
68%
(Yeah)
68%
yeah)
68%
(Yeah
68%
Give
66%
One
66%
one
66%
under
66%
tour
64%
ah
62%
Ah
62%
blue
62%
covers
62%
happy
62%
Live
62%
la
60%
(La
60%
whatever
60%
come
58%
Everything
58%
fingertips
58%
Hallmark
58%
should
58%
stream
58%
our
56%
do
54%
do)
54%
Paint
54%
Touch
54%
hype
52%
hanging
50%
losers
50%
losers)
50%
Soundin'
50%
(Soundin'
50%
town
50%
around
48%
him
48%
We'll
46%
baby's
44%
heard
42%
shatter
42%
is)
34%
(Yes
14%

Score Distribution

Percentile by Number Answered

Percent of People with Each Score

Your Score History

You have not taken this quiz